Largest Islands in Lakes - Statistics

General Stats
  • This quiz has been taken 3 times
  • The average score is 3 of 16
Answer Stats
Country Lake or Reservoir Answer % Correct
United States Superior Isle Royale
100%
Canada Huron Manitoulin Island
50%
Russia Baykal Ol'khon Island
50%
Canada Manicouagan René-Levasseur
50%
Uganda Victoria Bugala Island
0%
Uganda Victoria Buvuma
0%
United States Huron Drummond Island
0%
Canada Grand Glover Island
0%
Demacratic Republic of the Congo Kivu Idjwi
0%
Nicaragua Nicaragua Ometepe
0%
Canada Superior Saint Ignace Island
0%
Indonesia Toba Samosir Island
0%
Brazil Barregem de Sobradinho Sento Se
0%
Canada Great Slave Simpson
0%
Canada Huron St. Joseph Island
0%
Tanzania Victoria Ukerewe Island
0%
No matching quizzes found
Score Distribution
Percent of People with Each Score
Percentile by Number Answered
Your Score History
You have not taken this quiz